Cơ học lưu chất tính toán
Salvato in:
| Autore principale: | |
|---|---|
| Natura: | Libro |
| Lingua: | Undetermined |
| Pubblicazione: |
Tp HCM
ĐHQG
2003
|
| Soggetti: | |
| Tags: |
Aggiungi Tag
Nessun Tag, puoi essere il primo ad aggiungerne! !
|
| Thư viện lưu trữ: | Trung tâm Học liệu Trường Đại học Cần Thơ |
|---|
| LEADER | 00572nam a2200217Ia 4500 | ||
|---|---|---|---|
| 001 | CTU_56889 | ||
| 008 | 210402s9999 xx 000 0 und d | ||
| 020 | |b 18000 | ||
| 082 | |a 620.106 | ||
| 082 | |b N104 | ||
| 100 | |a Nguyễn Thanh Nam | ||
| 245 | 0 | |a Cơ học lưu chất tính toán | |
| 245 | 0 | |c Nguyễn Thanh Nam | |
| 260 | |a Tp HCM | ||
| 260 | |b ĐHQG | ||
| 260 | |c 2003 | ||
| 526 | |a Cơ học lưu chất - CK | ||
| 526 | |b CN189 | ||
| 650 | |a fluid dynamics | ||
| 904 | |i Mai Loan | ||
| 980 | |a Trung tâm Học liệu Trường Đại học Cần Thơ | ||